Normal view
MARC view
- Adventure stories.
Entry Genre/Form Term
001 - CONTROL NUMBER
- control field: 6723
003 - CONTROL NUMBER IDENTIFIER
- control field: NUST
005 - DATE AND TIME OF LATEST TRANSACTION
- control field: 20171123103345.0
008 - FIXED-LENGTH DATA ELEMENTS
- fixed length control field: 171123|| aca||aabn | a|a d
040 ## - CATALOGING SOURCE
- Original cataloging agency: NUST
- Transcribing agency: NUST
155 ## - HEADING--GENRE/FORM TERM
- Genre/form term: Adventure stories.
670 ## - SOURCE DATA FOUND
- Source citation: Work cat.: (NUST)0: Hailey, Arthur. 6719, Airport., 1968.
